[Event "American Continental 18th"]
[Site "Medellin"]
[Date "2024.06.02"]
[Round "11"]
[White "Rodriguez, William Nicolas"]
[Black "Ladino Hernandez, Angel Joel"]
[Result "1/2-1/2"]
[WhiteElo "1803"]
[BlackElo "1682"]
[PlyCount "46"]
[EventDate "2024.05.24"]
[EventType "swiss"]
[EventRounds "11"]
[EventCountry "COL"]
[SourceTitle "CBM 220 Extra"]
[Source "ChessBase"]
[SourceDate "2024.07.31"]
[SourceVersion "1"]
[SourceVersionDate "2024.07.31"]
[SourceQuality "1"]

1. d4 Nf6 2. Nf3 g6 3. g3 Bg7 4. Bg2 0-0 5. 0-0 d6 6. c4 Nbd7 7. Nc3 c5 8. e3 a6 9. Re1 Rb8 10. a4 b6 11. Qc2 Bb7 12. d5 Re8 13. e4 e6 14. Bf4 e5 15. Bd2 h6 16. h3 Nf8 17. Nh4 Bc8 18. Kh1 g5 19. Nf5 Ng6 20. Nd1 Bxf5 21. exf5 Ne7 22. Nc3 Qd7 23. g4 Qd8 1/2-1/2

[Event "American Continental 18th"]
[Site "Medellin"]
[Date "2024.05.30"]
[Round "9"]
[White "Rodriguez, William Nicolas"]
[Black "Morales Santos, Natasha"]
[Result "0-1"]
[WhiteElo "1803"]
[BlackElo "1977"]
[PlyCount "92"]
[EventDate "2024.05.24"]
[EventType "swiss"]
[EventRounds "11"]
[EventCountry "COL"]
[SourceTitle "CBM 220 Extra"]
[Source "ChessBase"]
[SourceDate "2024.07.31"]
[SourceVersion "1"]
[SourceVersionDate "2024.07.31"]
[SourceQuality "1"]

1. d4 d5 2. c4 dxc4 3. e4 b5 4. a4 c6 5. axb5 cxb5 6. Nc3 Qb6 7. Nd5 Qb7 8. Bf4 e5 9. Bxe5 Nd7 10. Bf4 Ngf6 11. Nc7+ Kd8 12. Nxa8 Qxe4+ 13. Ne2 Qxa8 14. Nc3 Bb4 15. f3 Re8+ 16. Be2 a5 17. Kf2 Qc6 18. Qc2 Bb7 19. Rhd1 a4 20. Bf1 Qb6 21. Kg1 h6 22. Kh1 g5 23. Be5 g4 24. fxg4 Nxg4 25. Qe2 h5 26. h3 f6 27. hxg4 hxg4 28. Qxg4 fxe5 29. Qg7 Bf8 30. Qg4 Qh6+ 31. Kg1 Bc5 32. Qh3 Qxh3 33. gxh3 exd4 34. Nxb5 d3+ 35. Kh2 Rg8 36. h4 Ne5 37. Be2 Rg2+ 38. Kh3 Rxe2 39. Kg3 Rxb2 40. Nc3 a3 41. Na4 Rg2+ 42. Kf4 Ng6+ 43. Kf5 Nxh4+ 44. Ke6 Bd4 45. Rxa3 Rg6+ 46. Kf7 Bd5+ 0-1

[Event "American Continental 18th"]
[Site "Medellin"]
[Date "2024.05.25"]
[Round "2"]
[White "Mora Moron, Jose Ramon"]
[Black "Rodriguez, William Nicolas"]
[Result "1-0"]
[WhiteElo "2138"]
[BlackElo "1803"]
[PlyCount "63"]
[EventDate "2024.05.24"]
[EventType "swiss"]
[EventRounds "11"]
[EventCountry "COL"]
[SourceTitle "CBM 220 Extra"]
[Source "ChessBase"]
[SourceDate "2024.07.31"]
[SourceVersion "1"]
[SourceVersionDate "2024.07.31"]
[SourceQuality "1"]

1. e4 e5 2. Nf3 Nc6 3. Bc4 Bc5 4. c3 Nf6 5. d3 h6 6. Nbd2 d6 7. Bb3 Bb6 8. h3 Ne7 9. Nh4 d5 10. Qf3 c6 11. Nf1 Ng6 12. Nxg6 fxg6 13. Qg3 0-0 14. Qxg6 Kh8 15. Be3 d4 16. cxd4 Ba5+ 17. Bd2 Bxd2+ 18. Nxd2 Qxd4 19. 0-0-0 Qxd3 20. Rhe1 Qd4 21. Re3 Qc5+ 22. Rc3 Qe7 23. Nc4 Be6 24. Nd6 Bxb3 25. Rxb3 b6 26. Rf3 Rad8 27. Rfd3 Kg8 28. Nf5 Qc5+ 29. Kb1 Ne8 30. Rxd8 Qc4 31. Ne7+ Kh8 32. Rxe8 1-0

[Event "American Continental 18th"]
[Site "Medellin"]
[Date "2024.05.25"]
[Round "3"]
[White "Rodriguez, William Nicolas"]
[Black "Torres, Jorge Emilio"]
[Result "0-1"]
[WhiteElo "1803"]
[BlackElo "2002"]
[PlyCount "94"]
[EventDate "2024.05.24"]
[EventType "swiss"]
[EventRounds "11"]
[EventCountry "COL"]
[SourceTitle "CBM 220 Extra"]
[Source "ChessBase"]
[SourceDate "2024.07.31"]
[SourceVersion "1"]
[SourceVersionDate "2024.07.31"]
[SourceQuality "1"]

1. d4 d5 2. c4 e6 3. Nc3 Nf6 4. Nf3 Be7 5. Bf4 a6 6. e3 0-0 7. Bd3 dxc4 8. Bxc4 b5 9. Bd3 Bb7 10. a3 Nbd7 11. 0-0 c5 12. Bc2 Qb6 13. Ne5 Rfd8 14. Nxd7 Rxd7 15. Be5 cxd4 16. exd4 Rad8 17. Qd3 g6 18. Qh3 Rxd4 19. Bxd4 Rxd4 20. Rad1 Rg4 21. g3 Bc5 22. Qh6 Bd4 23. Rxd4 Rxd4 24. Qe3 Ng4 25. Qe2 Nf6 26. Qe5 Qd8 27. Bb3 Kg7 28. f3 Rd2 29. Ne4 Bxe4 30. fxe4 Qb6+ 31. Kh1 Rf2 32. Re1 Rxh2+ 33. Kxh2 Qf2+ 34. Kh3 Qxe1 35. Kg2 Qe2+ 36. Kh3 Qxe4 37. Qxe4 Nxe4 38. Bc2 Nd6 39. b3 f5 40. Kg2 Kf6 41. Kf3 h5 42. Bd3 g5 43. Ke3 Ke5 44. Be2 g4 45. a4 bxa4 46. bxa4 a5 47. Bd1 Ne4 0-1

[Event "Tolima Deportivo op"]
[Site "Tolima"]
[Date "2021.11.14"]
[Round "4"]
[White "Rodriguez, William Nicolas"]
[Black "Ducuara Alape, Jhan Carlos"]
[Result "1/2-1/2"]
[WhiteElo "1478"]
[BlackElo "1469"]
[PlyCount "103"]
[EventDate "2021.11.12"]
[EventType "swiss"]
[EventRounds "7"]
[EventCountry "COL"]
[SourceTitle "CBM 205 Extra"]
[Source "ChessBase"]
[SourceDate "2022.01.31"]
[SourceVersion "1"]
[SourceVersionDate "2022.01.31"]
[SourceQuality "1"]

1. d4 Nf6 2. c4 d5 3. Nc3 g6 4. Bf4 a6 5. cxd5 Nxd5 6. Nxd5 Qxd5 7. Bxc7 e5 8. a3 exd4 9. Nf3 Bg7 10. Bxb8 Rxb8 11. e3 Bg4 12. Be2 d3 13. Qxd3 Qxd3 14. Bxd3 Bxf3 15. gxf3 Bxb2 16. Rb1 Bc3+ 17. Ke2 Ke7 18. Rhc1 Be5 19. f4 Bd6 20. a4 a5 21. Rb6 Rhd8 22. Be4 Rd7 23. Rd1 h6 24. Bxb7 Rbxb7 25. Rdxd6 Rxb6 26. Rxb6 Rd5 27. e4 Rd4 28. Kf3 Rxa4 29. Ra6 Ra3+ 30. Ke2 a4 31. h4 Ra1 32. Kd2 a3 33. f3 a2 34. Kc2 Rf1 35. Rxa2 Rxf3 36. Ra7+ Kf8 37. f5 gxf5 38. exf5 Rxf5 39. Ra4 Kg7 40. Kd3 Kg6 41. Ke4 Rf1 42. Ke3 f6 43. Ke2 Rb1 44. Kf2 Rb3 45. Rg4+ Kf5 46. Ra4 Rd3 47. Rb4 h5 48. Rb5+ Kg6 49. Rb4 Rd2+ 50. Kf3 Rd1 51. Rc4 Rd3+ 52. Kf2 1/2-1/2

[Event "Tolima Deportivo op"]
[Site "Tolima"]
[Date "2021.11.13"]
[Round "2"]
[White "Rodriguez, William Nicolas"]
[Black "Gonzalez Suarez, Yonel"]
[Result "1-0"]
[WhiteElo "1478"]
[BlackElo "1456"]
[PlyCount "89"]
[EventDate "2021.11.12"]
[EventType "swiss"]
[EventRounds "7"]
[EventCountry "COL"]
[SourceTitle "CBM 205 Extra"]
[Source "ChessBase"]
[SourceDate "2022.01.31"]
[SourceVersion "1"]
[SourceVersionDate "2022.01.31"]
[SourceQuality "1"]

1. d4 d5 2. c4 c6 3. Nc3 Nf6 4. Bf4 e6 5. c5 b5 6. b4 a5 7. a3 Be7 8. Bxb8 Rxb8 9. e3 0-0 10. Bd3 Qc7 11. Nf3 Nd7 12. 0-0 e5 13. Be2 e4 14. Nd2 f5 15. f4 Kh8 16. g3 Nf6 17. Qc2 a4 18. Nd1 Bd7 19. Nf2 Be8 20. Nh3 h6 21. Kg2 Bh5 22. Bxh5 Nxh5 23. Qd1 Nf6 24. Nf2 Qd7 25. h4 Qe8 26. Rh1 Kg8 27. h5 Kf7 28. g4 Qd7 29. g5 hxg5 30. fxg5 Ng4 31. Nxg4 fxg4 32. g6+ Kg8 33. Qe2 Bg5 34. Raf1 Rxf1 35. Rxf1 Rf8 36. Rxf8+ Kxf8 37. Qf2+ Ke8 38. Nf1 Qe7 39. Nh2 Qf6 40. Qxf6 Bxf6 41. Nxg4 Bg5 42. Kf2 Bh4+ 43. Ke2 Bg3 44. h6 gxh6 45. Nxh6 1-0

[Event "Bogota IRT Classic op"]
[Site "Bogota"]
[Date "2014.04.04"]
[Round "2.3"]
[White "Nieto, Guillermo Luigui"]
[Black "Rodriguez, William Nicolas"]
[Result "1-0"]
[WhiteElo "2001"]
[BlackElo "1808"]
[PlyCount "40"]
[EventDate "2014.04.04"]
[EventType "tourn"]
[EventRounds "7"]
[EventCountry "COL"]
[SourceTitle "EXT 2024"]
[Source "ChessBase"]
[SourceDate "2023.10.10"]
[SourceVersion "1"]
[SourceVersionDate "2023.10.10"]
[SourceQuality "1"]

1. b3 d5 2. Bb2 Nf6 3. e3 Bg4 4. Be2 Bxe2 5. Qxe2 Nbd7 6. Nf3 c5 7. 0-0 Qc7 8. c4 e5 9. cxd5 e4 10. Nh4 Bd6 11. f4 exf3 12. Nxf3 Nxd5 13. Na3 0-0 14. Nb5 Qb8 15. Qd3 Ne5 16. Qxd5 Nxf3+ 17. Rxf3 Bxh2+ 18. Kh1 a6 19. Raf1 Qe8 20. Kxh2 axb5 1-0

[Event "Bogota IRT Menor U2100 op"]
[Site "Bogota"]
[Date "2013.12.20"]
[Round "9.5"]
[White "Manrique Ochoa, Fernando"]
[Black "Rodriguez, William Nicolas"]
[Result "1-0"]
[WhiteElo "1997"]
[BlackElo "1759"]
[PlyCount "37"]
[EventDate "2013.12.18"]
[EventType "swiss"]
[EventRounds "9"]
[EventCountry "COL"]
[SourceTitle "EXT 2024"]
[Source "ChessBase"]
[SourceDate "2023.10.10"]
[SourceVersion "1"]
[SourceVersionDate "2023.10.10"]
[SourceQuality "1"]

1. e4 e6 2. d4 d5 3. Nc3 Bb4 4. Qg4 Nf6 5. Qxg7 Rg8 6. Qh6 Rg6 7. Qe3 Nxe4 8. a3 Bxc3+ 9. bxc3 Nd7 10. Ne2 Nb6 11. Nf4 Rg8 12. c4 Nd6 13. c5 Nf5 14. Qh3 Nd7 15. Nxd5 exd5 16. Qxf5 Nf6 17. Qe5+ Kd7 18. Be3 Re8 19. Bb5+ 1-0

[Event "Bogota IRT Menor U2100 op"]
[Site "Bogota"]
[Date "2013.12.18"]
[Round "3.8"]
[White "Rodriguez, William Nicolas"]
[Black "Vargas, Diana Paola"]
[Result "1-0"]
[WhiteElo "1759"]
[BlackElo "1791"]
[PlyCount "105"]
[EventDate "2013.12.18"]
[EventType "swiss"]
[EventRounds "9"]
[EventCountry "COL"]
[SourceTitle "EXT 2024"]
[Source "ChessBase"]
[SourceDate "2023.10.10"]
[SourceVersion "1"]
[SourceVersionDate "2023.10.10"]
[SourceQuality "1"]

1. e4 c5 2. Nf3 Nc6 3. g3 Nf6 4. d3 d6 5. Bg2 Bg4 6. Nbd2 e6 7. h3 Bh5 8. 0-0 d5 9. g4 Bg6 10. e5 Nd7 11. Re1 Be7 12. Nf1 Qc7 13. Qe2 Nd4 14. Nxd4 cxd4 15. Bf4 Bb4 16. Rec1 Rc8 17. Bg3 h5 18. Bxd5 hxg4 19. hxg4 exd5 20. e6 Bd6 21. exd7+ Kxd7 22. Qf3 Bxg3 23. Nxg3 Qe5 24. Re1 Qg5 25. Nf5 Bxf5 26. Qxd5+ Kc7 27. Qe5+ Kc6 28. Qxf5 Qxf5 29. gxf5 Rh5 30. c3 Rxf5 31. Re4 Rg5+ 32. Kf1 Rh8 33. Ke2 dxc3 34. bxc3 Rb5 35. Re7 Rb2+ 36. Ke3 Rf8 37. a4 Kd6 38. Re4 Rh8 39. Rg1 g6 40. Rf4 Re8+ 41. Kd4 Re7 42. c4 Ra2 43. Kc3 Ra3+ 44. Kd2 Ra2+ 45. Kc3 Ra3+ 46. Kd4 Rxa4 47. Rf6+ Kc7 48. Rg5 Rd7+ 49. Rd5 Rxd5+ 50. Kxd5 Ra6 51. Rxf7+ Kb6 52. c5+ Ka5 53. Rxb7 1-0